The Brain : (Record no. 4957)

MARC details
000 -LEADER
fixed length control field 00900nam a22002897a 4500
001 - CONTROL NUMBER
control field 4957
003 - CONTROL NUMBER IDENTIFIER
control field FISKH
005 - DATE AND TIME OF LATEST TRANSACTION
control field 20250814145749.0
008 - FIXED-LENGTH DATA ELEMENTS--GENERAL INFORMATION
fixed length control field 241028b cb ||||| |||| 00| 0 eng d
020 ## - INTERNATIONAL STANDARD BOOK NUMBER
International Standard Book Number 9780545420952
040 ## - CATALOGING SOURCE
Original cataloging agency FISKH
Language of cataloging eng
Transcribing agency FISKH
Modifying agency FISKH
050 ## - LIBRARY OF CONGRESS CALL NUMBER
Classification number QP361.P365
082 ## - DEWEY DECIMAL CLASSIFICATION NUMBER
Classification number 612.8
100 ## - MAIN ENTRY--PERSONAL NAME
Personal name Simon, Seymour
245 ## - TITLE STATEMENT
Title The Brain :
Remainder of title Our Nervous System /
Statement of responsibility, etc. by Seymour Simon
260 ## - PUBLICATION, DISTRIBUTION, ETC.
Place of publication, distribution, etc. New York :
Name of publisher, distributor, etc. Scholastic ;
Date of publication, distribution, etc. 1997.
300 ## - PHYSICAL DESCRIPTION
Extent 32 pages :
Other physical details color illustrations ;
Dimensions 24 cm .
490 ## - SERIES STATEMENT
Series statement Human Body
505 ## - FORMATTED CONTENTS NOTE
Formatted contents note Z <br/>
520 ## - SUMMARY, ETC.
Summary, etc. Describes the various parts of the brain and the nervous system and how they function to enable us to think, feel, move, and remember.
521 8# - TARGET AUDIENCE NOTE
Target audience note 900 <br/>
Source Lexile <br/>
521 8# - TARGET AUDIENCE NOTE
Target audience note Z <br/>
Source Raz-Plus <br/>
650 ## - SUBJECT ADDED ENTRY--TOPICAL TERM
Topical term or geographic name entry element nervous system
Form subdivision non-fiction
700 ## - ADDED ENTRY--PERSONAL NAME
Personal name Neumann, Ann
Relator term artist
942 ## - ADDED ENTRY ELEMENTS (KOHA)
Source of classification or shelving scheme Dewey Decimal Classification
Koha item type Books
Suppress in OPAC No
Holdings
Withdrawn status Lost status Source of classification or shelving scheme Damaged status Not for loan Collection Home library Current library Shelving location Date acquired Total Checkouts Full call number Barcode Date last seen Price effective from Koha item type Copy number
    Dewey Decimal Classification     Non-Fiction Footprints International School Library Network Toul Tom Poung Campus Footprints International School Library Network Toul Tom Poung Campus TTP Secondary Non-Fiction Bookshelves 10/28/2024   SIM 612.8 QP361.P365 FISSE01145 10/28/2024 10/28/2024 Books  
    Dewey Decimal Classification     Non-Fiction Footprints International School Library Network Toul Tom Poung Campus Footprints International School Library Network Toul Tom Poung Campus TTP Secondary Non-Fiction Bookshelves 08/14/2025   SIM 612.8 QP361.P365 FISTK04939 08/14/2025 08/14/2025 Books 2